000 01106cam a22003377a 4500
003 CHAP
005 20220817042242.0
008 971013s1986 r 00010 d
010 _a38751
011 _a39723
035 _a43848
040 _cCHAP
082 _a080
_bC5 v.18
100 0 0 _aPeña, Antonio.
_986854
245 1 4 _aLas membranas de las células
260 _aMéxico, D.F. :
_bFondo de Cultura Económica,
_c1986
300 _a161 p.
_b: ilus.
490 3 _aLa ciencia desde México
_v; 18
590 _aBATCH-UPD
_b10
_c20130110
_lUCH01
_h1307
590 _aBATCH-UPD
_b10
_c20130410
_lUCH01
_h0822
590 _aBATCH-UPD
_b10
_c20130914
_lUCH01
_h0942
590 _aCONVERSION
_b10
_c20130109
_lUCH01
_h1322
650 1 4 _aCitología.
_923489
650 1 4 _aMembranas (Biología)
_974496
710 0 _aConsejo Nacional de Ciencia y Tecnología. México.
710 0 _aMéxico. Dirección General de Planeación Educativa.
830 3 _aLa ciencia desde México
_v; 18
_964199
901 _aBK
942 _cLIBRO
949 _a080 C5 v.18
_bBC
_cC
_d33724000484903
_eC
_gI.c/e
_h69579
_i43848
_si
999 _c38751
_d38751